• 首页
  • 本馆介绍
  • 公告通知
  • 最新文献
  • 馆藏检索
  • 电子资源
  • 读者导购
  • 参考咨询
  • 我的图书馆
  • 登录
  • 详细信息显示
  • 放入我的书架
  • 预约/预借图书
  • 作者相关作品
  • 分类相关作品
  • 丛书相关作品
  • 出版社相关作品

书目信息

  • 表格格式
  • 工作单格式
  • 卡片格式
题名:
元帅韬略
    
 
作者: 胡元斌 , 严锴 主编
分册:  
出版信息: 北京   台海出版社  2018重印
页数: 201页
开本: 24cm
丛书名: 第二次世界大战纵横录
单 册:
中图分类: K815.2=52
科图分类:
主题词: 第二次世界大战--di er ci shi jie da zhan--元帅--生平事迹--世界
电子资源:
ISBN: 978-7-5168-0249-6
000 01096nam 2200289 45
001 012001009982
005 20140102082943.0
010    @a978-7-5168-0249-6@dCNY48.00
099    @aCAL 012014026056
100    @a20140313d2014 em y0chiy50 ea
101 0  @achi
102    @aCN@b110000
105    @aa z 000yc
106    @ar
200 1  @a元帅韬略@Ayuan shuai tao lue@e第二次世界大战著名元帅@f胡元斌, 严锴主编
210    @a北京@c台海出版社@d2018重印
215    @a201页@c图@d24cm
225 2  @a第二次世界大战纵横录@Adi er ci shi jie da zhan zong heng lu
330    @a本书共分: 艾森豪威尔 ; 麦克啊瑟 ; 蒙哥马利 ; 朱可夫 ; 华西列夫斯基五部分 ; 主要内容包括: 战争爆发出任作战的部长 ; 受命北非展示军事才华等。
410  0 @12001@a第二次世界大战纵横录
517 1  @a第二次世界大战著名元帅@Adi er ci shi jie da zhan zhu ming yuan shuai
606 0  @a第二次世界大战@Adi er ci shi jie da zhan@x元帅@x生平事迹@y世界
690    @aK815.2=52@v5
701  0 @a胡元斌@Ahu yuan bin@4主编
701  0 @a严锴@Ayan kai@4主编
801  2 @aCN@b上海新华@c20191020
905    @b1135182-5@dK815.2=52@e173@f4
    
    元帅韬略:第二次世界大战著名元帅/胡元斌, 严锴主编.-北京:台海出版社,2018重印
    201页:图;24cm.-(第二次世界大战纵横录)
    
    
    ISBN 978-7-5168-0249-6:CNY48.00
    本书共分: 艾森豪威尔 ; 麦克啊瑟 ; 蒙哥马利 ; 朱可夫 ; 华西列夫斯基五部分 ; 主要内容包括: 战争爆发出任作战的部长 ; 受命北非展示军事才华等。
●
相关链接 在E读中查询图书 在五车中查询图书 在当当中查询图书 在豆瓣中查询图书


正题名:元帅韬略     索取号:K815.2=52/173         预约/预借

序号 登录号 条形码 馆藏地/架位号 状态 备注
1 1135182   211351829   第二样本阅览室/ [索取号:K815.2=52/173] 在馆    
2 1135183   211351838   第二借阅区/ [索取号:K815.2=52/173] 在馆    
3 1135184   211351847   第二借阅区/ [索取号:K815.2=52/173] 在馆    
4 1135185   211351856   第二借阅区/ [索取号:K815.2=52/173] 在馆    
唐山师范学院图书馆 欢迎您!
大连网信软件有限公司© 版权所有